LEADER 00975nam0-2200313---450- 001 990008306970403321 005 20090723152334.0 035 $a000830697 035 $aFED01000830697 035 $a(Aleph)000830697FED01 035 $a000830697 100 $a20060404d1975----km-y0itay50------ba 101 1 $aita 102 $aIT 105 $ay-------001yy 200 1 $aMorte e nevrosi$fJoachim-Ernst Meyer$gtraduzione del dott. Ernesto Cipollini$gpresentazione dell'ed. italiana del prof. Bruno Callieri 210 $aRoma$cIl Pensiero Scientifico$d1975 215 $a120 p.$d21 cm 225 1 $aPiccola biblioteca di neurologia e psichiatria$v25 610 0 $aMorte$aNevrosi 676 $a616.078$v21$zita 700 1$aMeyer,$bJoachim-Ernst$0292195 801 0$aIT$bUNINA$c20060404$gRICA$2UNIMARC 901 $aBK 912 $a990008306970403321 952 $aP.1 PCP 451$bBibl. 1498$fFLFBC 959 $aFLFBC 996 $aMorte e nevrosi$9270871 997 $aUNINA LEADER 01172nam a2200289 i 4500 001 991000323679707536 005 20250211142050.0 008 000220s1971 it er ||1 | ita 035 $ab11341506-39ule_inst 035 $aPARLA206068$9ExL 040 $aDip.to Filosofia$bita$dSocioculturale Scs 041 0 $aita 082 04$a335.0094575$223 100 1 $aAllegato, Luigi$0141872 245 10$aSocialismo e comunismo in Puglia :$bricordi di un militante, 1904-1924 /$cLuigi Allegato ; prefazione di Michele Pistillo 260 $aRoma :$bEditori riuniti,$c1971 300 $a163 p. ;$c21 cm 490 1 $aBiblioteca del movimento operaio italiano. Studi, memorie, documenti ;$v9 650 4$aSocialismo$zPuglia$y1904-1924 700 1 $aPistillo, Michele 830 0$aBiblioteca del movimento operaio italiano.$pStudi, memorie, documenti ;$v9 907 $a.b11341506$b01-03-17$c01-07-02 912 $a991000323679707536 945 $aLE005IF XI A 25$g1$i2005000080272$lle005$o-$pE0.00$q-$rl$s-$t0$u0$v0$w0$x0$y.i11516070$z01-07-02 996 $aSocialismo e comunismo in Puglia$9486499 997 $aUNISALENTO 998 $ale005$b01-01-00$cm$da$e-$fita$git$h0$i1